Score 0/20 Timer 06:00
0 Plays Today
km City % Correct
67Ryga - Riga
96.4%
120Minskas - Minsk
90.7%
253Varšuva - Warsaw
83.6%
69Karaliaučius - Kaliningrad
76.2%
181Gdanskas - Gdansk
68.2%
26Gardinas - Grodno
55.3%
92Balstogė - Białystok
52.6%
197Brestas - Brest
52.1%
30Lyda - Lida
48.2%
177Gdynė - Gdynia
46.8%
km City % Correct
212Vitebskas - Vitebsk
41.4%
164Olštynas - Olsztyn
34.5%
112Navapolackas - Novopolotsk
33.4%
160Elbingas - Elbląg
28.5%
156Barysavas - Barysaw
23.8%
225Pinskas - Pinsk
23.3%
114Baranovičiai - Baranovichi
18.6%
254Babruiskas - Babruysk
17.5%
246Orša - Orsha
16.2%
190Salihorskas - Salihorsk
9%
Remove Ads.
Support Sporcle.
Get the best of Sporcle when you Go Orange. This ad-free experience offers more features, more stats, and more fun while also helping to support Sporcle. Thank you for becoming a member.

You're not logged in!

Compare scores with friends on all Sporcle quizzes.
OR
Log In

Show Comments

Extras

Top Quizzes Today


Score Distribution

Your Account Isn't Verified!

In order to create a playlist on Sporcle, you need to verify the email address you used during registration. Go to your Sporcle Settings to finish the process.

Report this User

Report this user for behavior that violates our Community Guidelines.

Details: